Loading...
| Fine Arts - Classical Music | 0 | 11 | 0 | 1 | 110 | 32 | 56.09 | 6 | 9 | 49.12 | 79.06 |
| Literature - British | 0 | 8 | 0 | 1 | 80 | 43 | 86.50 | 1 | 3 | 16.69 | 35.06 |
| Mythology | 0 | 8 | 0 | 0 | 80 | 16 | 41.75 | 3 | 7 | 46.36 | 59.42 |
| History - World | 0 | 7 | 0 | 1 | 70 | 24 | 53.14 | 1 | 5 | 33.03 | 38.15 |
| Philosophy | 0 | 6 | 0 | 1 | 60 | 71 | 91.17 | 0 | 3 | 12.85 | 44.13 |
| Literature - European | 0 | 6 | 0 | 0 | 60 | 40 | 75.67 | 0 | 4 | 20.00 | 39.94 |
| Religion | 0 | 6 | 0 | 0 | 60 | 22 | 58.67 | 2 | 6 | 26.05 | 47.56 |
| Science - Biology | 0 | 5 | 0 | 0 | 50 | 29 | 51.40 | 2 | 5 | 21.69 | 40.42 |
| History - Other | 0 | 5 | 0 | 0 | 50 | 14 | 67.40 | 0 | 3 | 17.60 | 28.57 |
| Fine Arts - Other | 0 | 5 | 1 | 1 | 45 | 25 | 65.00 | 2 | 2 | 18.92 | 28.90 |
| Science - Other | 0 | 5 | 1 | 2 | 45 | 26 | 71.60 | 1 | 3 | 14.17 | 20.62 |
| Painting/Sculpture | 0 | 4 | 0 | 1 | 40 | 36 | 78.75 | 0 | 3 | 10.15 | 19.16 |
| Literature - American | 0 | 3 | 0 | 0 | 30 | 61 | 81.00 | 0 | 1 | 7.78 | 13.31 |
| Science - Physics | 0 | 3 | 0 | 1 | 30 | 62 | 79.67 | 0 | 1 | 5.97 | 11.85 |
| Science - Chemistry | 0 | 3 | 0 | 0 | 30 | 49 | 53.67 | 0 | 3 | 12.37 | 22.24 |
| Literature - World | 0 | 3 | 1 | 0 | 25 | 52 | 68.33 | 1 | 3 | 10.73 | 23.38 |
| Current Events | 0 | 2 | 1 | 0 | 15 | 40 | 41.00 | 1 | 2 | 17.12 | 20.92 |
| Geography | 0 | 2 | 1 | 1 | 15 | 48 | 76.50 | 1 | 1 | 11.19 | 22.86 |
| History - American | 0 | 1 | 0 | 0 | 10 | 65 | 65.00 | 0 | 1 | 3.57 | 5.19 |
| Social Science | 0 | 1 | 0 | 0 | 10 | 59 | 59.00 | 0 | 1 | 6.09 | 7.81 |